000 00566cam a2200145 4500500
005 20260208002337.0
041 _afre
042 _adc
100 1 0 _aSaint-Lary, Maud
_eauthor
245 0 0 _aPierre-Joseph Laurent, Les Pentecôtistes du Burkina Faso. Mariage, pouvoir et guérison, 2003, Paris, IRD Éd. - Karthala, 438 p., bibl., index, ill., fig.
260 _c2005.
500 _a55
786 0 _nL'Homme | 173 | 1 | 2005-01-01 | p. 199u-283u | 0439-4216
856 4 1 _uhttps://shs.cairn.info/revue-l-homme-2005-1-page-199u?lang=fr&redirect-ssocas=7080
999 _c1645936
_d1645936